| 000 | 00743cab a2200265 4500 | ||
|---|---|---|---|
| 001 | X98429 | ||
| 008 | 090401t1999 xxu||||| |||| 00| 0 eng d | ||
| 035 | _a(Sirsi) u93147 | ||
| 041 | _aeng | ||
| 245 | _aUnderwood and others v Solihull Metropolitan BC | ||
| 260 | _c1999 | ||
| 350 | _a0 | ||
| 490 |
_aRating & Valuation Reporter _v[1999] 39 RVR 3, 55-60(6) |
||
| 650 | _aCOMPENSATION | ||
| 650 | _aDEPRECIATION | ||
| 650 | _aLAND COMPENSATION ACT 1973 PART 1 | ||
| 650 | _aLANDS TRIBUNAL | ||
| 650 | _aPHYSICAL FACTORS | ||
| 650 | _aTRAFFIC SIGNALS | ||
| 650 | _aUNDERWOOD AND OTHERS V SOLIHULL METROPOLITAN BC | ||
| 650 |
_aValuation _96273 |
||
| 690 | _aRATING AND VALUATION-CASE LAW | ||
| 942 | _n0 | ||
| 948 | _c06/05/1999 | ||
| 999 |
_c59032 _d59032 |
||